[Event "Trumpeter op"]
[Site "Grande Prairie CAN"]
[Date "2008.01.27"]
[Round "5"]
[White "Longson, Stan"]
[Black "Deimert, Elroy"]
[Result "1-0"]
[WhiteElo "1334"]
[BlackElo "1594"]
[PlyCount "63"]
[GameId "2160767910442449"]
[EventDate "2008.01.26"]
[EventType "swiss"]
[EventRounds "5"]
[EventCountry "CAN"]
[SourceTitle "EXT 2011"]
[Source "ChessBase"]
[SourceDate "2011.11.26"]
[SourceVersion "1"]
[SourceVersionDate "2011.11.26"]
[SourceQuality "1"]

1. d4 d5 2. Nf3 Bg4 3. e3 c5 4. Be2 Nf6 5. Ne5 Bxe2 6. Qxe2 a6 7. O-O Qc7 8. Nf3 Nbd7 9. Nbd2 e6 10. b3 Bd6 11. c4 Ng4 12. g3 h5 13. cxd5 h4 14. dxe6 Ndf6 15. exf7+ Qxf7 16. dxc5 Bxc5 17. Bb2 Qh5 18. Bxf6 Nxf6 19. Qc4 hxg3 20. fxg3 Bxe3+ 21. Kh1 Ng4 22. h4 Rd8 23. Rae1 Rd7 24. Kg2 Kd8 25. Ne4 Ba7 26. Nfg5 Ne3+ 27. Rxe3 Bxe3 28. Nf7+ Rxf7 29. Rxf7 Qe5 30. Rxb7 Re8 31. Ng5 Bxg5 32. Qd3+ 1-0

[Event "Trumpeter op"]
[Site "Grande Prairie CAN"]
[Date "2008.01.27"]
[Round "5"]
[White "Panteluk, Steven"]
[Black "Kazakevich, Alexander"]
[Result "1-0"]
[WhiteElo "1715"]
[BlackElo "1635"]
[PlyCount "61"]
[GameId "2160767910442451"]
[EventDate "2008.01.26"]
[EventType "swiss"]
[EventRounds "5"]
[EventCountry "CAN"]
[SourceTitle "EXT 2011"]
[Source "ChessBase"]
[SourceDate "2011.11.26"]
[SourceVersion "1"]
[SourceVersionDate "2011.11.26"]
[SourceQuality "1"]

1. d4 d5 2. Nf3 Nc6 3. c4 Bg4 4. e3 Nf6 5. cxd5 Nxd5 6. Be2 e6 7. O-O Bd6 8. a3 O-O 9. b4 Qe7 10. Bd2 e5 11. b5 e4 12. bxc6 exf3 13. Bxf3 Bxf3 14. Qxf3 bxc6 15. e4 Nb6 16. e5 Bxe5 17. dxe5 Qxe5 18. Bc3 Qe6 19. Qg3 f6 20. Qxc7 Nd5 21. Qg3 Rab8 22. Nd2 Rb7 23. Rfe1 Qf7 24. h3 Qd7 25. Rab1 Rfb8 26. Rxb7 Rxb7 27. Rb1 Rxb1+ 28. Nxb1 Qb7 29. Nd2 Kf7 30. Bd4 a6 31. Nc4 1-0

[Event "Trumpeter op"]
[Site "Grande Prairie CAN"]
[Date "2008.01.27"]
[Round "5"]
[White "Pradzinski, Tim"]
[Black "Lefkowitz, Phil"]
[Result "1-0"]
[WhiteElo "1857"]
[BlackElo "1695"]
[PlyCount "75"]
[GameId "2160767910442452"]
[EventDate "2008.01.26"]
[EventType "swiss"]
[EventRounds "5"]
[EventCountry "CAN"]
[SourceTitle "EXT 2011"]
[Source "ChessBase"]
[SourceDate "2011.11.26"]
[SourceVersion "1"]
[SourceVersionDate "2011.11.26"]
[SourceQuality "1"]

1. e4 e6 2. d4 d5 3. exd5 exd5 4. Nc3 c6 5. Nf3 Bd6 6. Bd3 Ne7 7. Bg5 f6 8. Be3 Bf5 9. Qd2 Bxd3 10. Qxd3 O-O 11. O-O-O Nd7 12. g4 Ng6 13. h4 Bf4 14. h5 Bxe3+ 15. fxe3 Nh8 16. e4 dxe4 17. Nxe4 Qc7 18. Kb1 Nf7 19. Rdg1 Rad8 20. Qb3 Qf4 21. Nf2 Nb6 22. Nh3 Qe4 23. g5 fxg5 24. Nhxg5 Qd5 25. Ne6 Nc4 26. Nxf8 Rxf8 27. Rh2 b5 28. Qd3 Nfd6 29. Ng5 Rf5 30. Qg3 Qxd4 31. c3 Qf6 32. Re2 h6 33. Ne6 Rf1+ 34. Re1 Nd2+ 35. Ka1 Rxe1+ 36. Rxe1 N6e4 37. Qb8+ Kh7 38. Nf8+ 1-0

[Event "Trumpeter op"]
[Site "Grande Prairie CAN"]
[Date "2008.01.27"]
[Round "5"]
[White "Pua, Richard"]
[Black "Schech, Roland"]
[Result "1-0"]
[WhiteElo "1952"]
[BlackElo "1651"]
[PlyCount "109"]
[GameId "2160767910442453"]
[EventDate "2008.01.26"]
[EventType "swiss"]
[EventRounds "5"]
[EventCountry "CAN"]
[SourceTitle "EXT 2011"]
[Source "ChessBase"]
[SourceDate "2011.11.26"]
[SourceVersion "1"]
[SourceVersionDate "2011.11.26"]
[SourceQuality "1"]

1. e4 e5 2. Nf3 Nc6 3. d4 exd4 4. Nxd4 Qe7 5. Nc3 Nxd4 6. Qxd4 c6 7. Be3 b6 8. Bc4 Bb7 9. Rd1 O-O-O 10. O-O c5 11. Qd3 Nf6 12. Ba6 d6 13. Bg5 h6 14. Nd5 Qe6 15. Bxf6 gxf6 16. Qb5 Kb8 17. Bxb7 Kxb7 18. a4 Qd7 19. Qxd7+ Rxd7 20. Nxf6 Rd8 21. Nd5 Bg7 22. c3 Rhe8 23. Rfe1 Kc6 24. f4 f5 25. e5 dxe5 26. Ne7+ Kb7 27. Nxf5 Bf6 28. Nd6+ Kc6 29. Nxe8 Rxe8 30. fxe5 Bxe5 31. g3 h5 32. Kg2 a6 33. c4 h4 34. Rd5 h3+ 35. Kh1 Rf8 36. Rdxe5 Rf2 37. R5e2 Rf3 38. Kg1 Rb3 39. Re7 Rd3 40. R1e6+ Rd6 41. Rxd6+ Kxd6 42. Re3 b5 43. axb5 axb5 44. cxb5 Kc7 45. Re6 Kb7 46. Rc6 c4 47. g4 c3 48. bxc3 Ka7 49. g5 Kb7 50. g6 Ka7 51. g7 Kb7 52. Ra6 Kc7 53. g8=Q Kd7 54. Qg7+ Ke8 55. Ra8# 1-0

[Event "Trumpeter op"]
[Site "Grande Prairie CAN"]
[Date "2008.01.27"]
[Round "5"]
[White "Stone, Stephen"]
[Black "Regimbald, Adrien"]
[Result "0-1"]
[WhiteElo "1408"]
[BlackElo "1976"]
[PlyCount "92"]
[GameId "2160767910442454"]
[EventDate "2008.01.26"]
[EventType "swiss"]
[EventRounds "5"]
[EventCountry "CAN"]
[SourceTitle "EXT 2011"]
[Source "ChessBase"]
[SourceDate "2011.11.26"]
[SourceVersion "1"]
[SourceVersionDate "2011.11.26"]
[SourceQuality "1"]

1. d4 e6 2. Bf4 Nf6 3. Nf3 c5 4. e3 h6 5. Bd3 Nc6 6. O-O Qb6 7. Nc3 cxd4 8. Nb5 Nd5 9. Re1 Nxf4 10. exf4 a6 11. Na3 Bxa3 12. bxa3 O-O 13. f5 exf5 14. Bxf5 d6 15. Be4 Bg4 16. Bxc6 bxc6 17. Qxd4 Qxd4 18. Nxd4 c5 19. h3 Bd7 20. Nf3 Be6 21. Re2 Rab8 22. Rd1 Rfd8 23. c3 Rb5 24. Nd2 Rb2 25. Rb1 Rxa2 26. Rb7 Rxa3 27. Ne4 Bd5 28. Ra7 Re8 29. f3 Re6 30. Rd2 Bxe4 31. fxe4 Rxc3 32. Rxa6 Re3 33. Raxd6 R3xe4 34. Rd8+ Kh7 35. R2d7 Rf6 36. Rc8 Re2 37. Rd3 Rc2 38. Rf8 Rff2 39. Rg3 c4 40. Rc8 c3 41. Rcxc3 Rxg2+ 42. Rxg2 Rxc3 43. Kh2 g5 44. h4 Kg6 45. hxg5 hxg5 46. Rd2 g4 0-1

[Event "Trumpeter op"]
[Site "Grande Prairie CAN"]
[Date "2008.01.27"]
[Round "5"]
[White "Yearwood, Roy"]
[Black "Caughlin, Wade"]
[Result "1-0"]
[WhiteElo "2101"]
[BlackElo "1757"]
[PlyCount "117"]
[GameId "2160767910442455"]
[EventDate "2008.01.26"]
[EventType "swiss"]
[EventRounds "5"]
[EventCountry "CAN"]
[SourceTitle "EXT 2011"]
[Source "ChessBase"]
[SourceDate "2011.11.26"]
[SourceVersion "1"]
[SourceVersionDate "2011.11.26"]
[SourceQuality "1"]

1. e4 c5 2. Nf3 e6 3. Nc3 Nc6 4. Bb5 Nge7 5. O-O g6 6. d4 cxd4 7. Nxd4 Bg7 8. Nf3 Qc7 9. Be3 O-O 10. Bc5 Re8 11. Bd6 Qb6 12. e5 a6 13. Bc4 Nf5 14. Ne4 Ncd4 15. Nxd4 Qxd4 16. Qxd4 Nxd4 17. Rad1 Nf5 18. Bc7 b5 19. Bb3 d5 20. exd6 Bd7 21. Nc5 Red8 22. Bxd8 Rxd8 23. Nxd7 Rxd7 24. g4 Nxd6 25. c3 Kf8 26. Rd3 Ke7 27. Rfd1 Be5 28. Rh3 b4 29. cxb4 Bxb2 30. Rhd3 Be5 31. a3 Rc7 32. Ba4 Nb5 33. R1d2 Bf4 34. Rc2 Rb7 35. Rc6 Ra7 36. Bxb5 axb5 37. Rb6 Bc1 38. Rxb5 Bxa3 39. Ra5 Rxa5 40. bxa5 Bc5 41. a6 e5 42. Rd5 Ba7 43. Rb5 Kf6 44. Rb7 Bd4 45. a7 Bxa7 46. Rxa7 h5 47. g5+ Kxg5 48. Rxf7 h4 49. h3 e4 50. Kg2 Kh5 51. Rf4 Kg5 52. Rxe4 Kh5 53. Rg4 g5 54. Kf3 Kg6 55. Ke4 Kf6 56. f4 gxf4 57. Kxf4 Kf7 58. Kf5 Kf8 59. Kf6 1-0

[Event "Unisource II"]
[Site "Montreal CAN"]
[Date "2008.04.11"]
[Round "1"]
[White "Falardeau, Bruno"]
[Black "Le Duin, Thierry"]
[Result "0-1"]
[WhiteElo "2017"]
[BlackElo "1994"]
[PlyCount "106"]
[GameId "2160767910351183"]
[EventDate "2008.04.11"]
[EventType "tourn"]
[EventRounds "5"]
[EventCountry "CAN"]
[SourceTitle "EXT 2011"]
[Source "ChessBase"]
[SourceDate "2011.11.26"]
[SourceVersion "1"]
[SourceVersionDate "2011.11.26"]
[SourceQuality "1"]

1. e4 d5 2. exd5 Nf6 3. d4 Bg4 4. Be2 Bxe2 5. Qxe2 Qxd5 6. Nf3 Nc6 7. Nc3 Qh5 8. Bf4 O-O-O 9. O-O-O e6 10. Qc4 Bd6 11. Bxd6 Rxd6 12. Nb5 Rd7 13. Ne5 Nxe5 14. dxe5 Qxe5 15. Rxd7 Nxd7 16. Rd1 Nb6 17. Qb4 a6 18. Nd6+ cxd6 19. Qxb6 d5 20. Rd3 Kb8 21. Kd2 Rc8 22. g3 Qc7 23. Qb3 Qc4 24. Qxc4 Rxc4 25. b3 Rc7 26. f4 Kc8 27. Re3 Kd7 28. Kd3 b5 29. c3 Kd6 30. Re2 f6 31. b4 Rc4 32. a4 d4 33. axb5 axb5 34. cxd4 Rxb4 35. Ra2 Kd5 36. Ra7 Rxd4+ 37. Kc3 Rc4+ 38. Kb3 g5 39. fxg5 fxg5 40. Rxh7 Rg4 41. Rb7 b4 42. Rb5+ Kd6 43. Rxb4 Rxb4+ 44. Kxb4 g4 45. Kc4 e5 46. Kd3 Kd5 47. Ke3 e4 48. Ke2 Kd4 49. Kd2 e3+ 50. Ke2 Ke4 51. Ke1 Kf3 52. Kf1 e2+ 53. Ke1 Ke3 0-1

[Event "Unisource II"]
[Site "Montreal CAN"]
[Date "2008.04.11"]
[Round "1"]
[White "Houska, Jiri"]
[Black "Giroux, Robert"]
[Result "1-0"]
[WhiteElo "2228"]
[BlackElo "1931"]
[PlyCount "51"]
[GameId "2160767910351184"]
[EventDate "2008.04.11"]
[EventType "tourn"]
[EventRounds "5"]
[EventCountry "CAN"]
[SourceTitle "EXT 2011"]
[Source "ChessBase"]
[SourceDate "2011.11.26"]
[SourceVersion "1"]
[SourceVersionDate "2011.11.26"]
[SourceQuality "1"]

1. e4 c5 2. Nf3 g6 3. d4 cxd4 4. Nxd4 Nc6 5. Nc3 Bg7 6. Be3 Nf6 7. Bc4 O-O 8. Bb3 a5 9. O-O d5 10. exd5 Nb4 11. Ndb5 a4 12. Nxa4 Nbxd5 13. Bc5 Bd7 14. c4 b6 15. Bd4 Rb8 16. Be5 Rb7 17. Qd4 Nb4 18. Qd2 Nc6 19. Bxf6 Bxf6 20. Rad1 Na5 21. Nbc3 e6 22. Ne4 Nxc4 23. Bxc4 Bxa4 24. b3 Qxd2 25. Nxf6+ Kg7 26. Rxd2 1-0

[Event "Unisource II"]
[Site "Montreal CAN"]
[Date "2008.04.11"]
[Round "1"]
[White "Levkovsky, Alexandre"]
[Black "Gauthier, Denis"]
[Result "1-0"]
[WhiteElo "2154"]
[BlackElo "1952"]
[PlyCount "63"]
[GameId "2160767910351185"]
[EventDate "2008.04.11"]
[EventType "tourn"]
[EventRounds "5"]
[EventCountry "CAN"]
[SourceTitle "EXT 2011"]
[Source "ChessBase"]
[SourceDate "2011.11.26"]
[SourceVersion "1"]
[SourceVersionDate "2011.11.26"]
[SourceQuality "1"]

1. e4 c5 2. Nf3 Nc6 3. Nc3 e6 4. d4 cxd4 5. Nxd4 Qc7 6. Be2 Nf6 7. Be3 a6 8. O-O Bb4 9. f3 O-O 10. Na4 Be7 11. c4 d6 12. g4 Ne5 13. Re1 b6 14. g5 Nfd7 15. f4 Nc6 16. Nxc6 Qxc6 17. Bf3 Qc7 18. Qe2 Bb7 19. b4 a5 20. b5 f6 21. h4 Rac8 22. Bg4 f5 23. exf5 exf5 24. Bf3 Nc5 25. Bxc5 dxc5 26. Qe6+ Kh8 27. Bxb7 Qxb7 28. Nxb6 Rce8 29. Qc6 Qxc6 30. bxc6 Bd6 31. Red1 Rd8 32. Nd7 1-0

[Event "Unisource II"]
[Site "Montreal CAN"]
[Date "2008.04.11"]
[Round "1"]
[White "Morin, Louis"]
[Black "Piche, Guy"]
[Result "1-0"]
[WhiteElo "1884"]
[BlackElo "1737"]
[PlyCount "32"]
[GameId "2160767910351186"]
[EventDate "2008.04.11"]
[EventType "tourn"]
[EventRounds "5"]
[EventCountry "CAN"]

1. e4 e5 2. Nf3 d6 3. d4 Nf6 4. dxe5 Nxe4 5. Qd5 Nc5 6. Bg5 Be7 7. exd6 Qxd6 8. Nc3 c6 9. Qxd6 Bxd6 10. O-O-O Bc7 11. Bc4 Ne6 12. Bxe6 fxe6 13. Ne4 O-O 14. Nd6 Na6 15. Be7 Bxd6 16. Bxd6 Bd7 1-0

[Event "Unisource II"]
[Site "Montreal CAN"]
[Date "2008.04.12"]
[Round "2"]
[White "Gauthier, Denis"]
[Black "Falardeau, Bruno"]
[Result "0-1"]
[WhiteElo "1952"]
[BlackElo "2017"]
[PlyCount "82"]
[GameId "2160767910351187"]
[EventDate "2008.04.11"]
[EventType "tourn"]
[EventRounds "5"]
[EventCountry "CAN"]
[SourceTitle "EXT 2011"]
[Source "ChessBase"]
[SourceDate "2011.11.26"]
[SourceVersion "1"]
[SourceVersionDate "2011.11.26"]
[SourceQuality "1"]

1. d4 Nf6 2. c4 d5 3. cxd5 Nxd5 4. Nf3 e6 5. e4 Nf6 6. Nc3 b6 7. Bb5+ c6 8. Bd3 Bb7 9. O-O Nbd7 10. Bg5 Be7 11. Qe2 h6 12. Bh4 O-O 13. e5 Nd5 14. Qe4 g6 15. Qg4 Kh7 16. Ne4 Bxh4 17. Nxh4 Nb4 18. Bb1 Ba6 19. Rd1 Be2 20. Qxe2 Qxh4 21. a3 Nd5 22. Bc2 Rac8 23. b4 c5 24. Ba4 Rfd8 25. bxc5 bxc5 26. Bxd7 Rxd7 27. dxc5 Qf4 28. Rxd5 Rxd5 29. Nf6+ Kg7 30. Nxd5 exd5 31. e6 Qf6 32. Rc1 Qxe6 33. Qb5 Qc6 34. Qb2+ Qf6 35. Qb7 Rxc5 36. Rf1 a5 37. h3 Qc3 38. a4 d4 39. Qd7 Re5 40. f4 Re1 41. Qd6 Qe3+ 0-1

[Event "Unisource II"]
[Site "Montreal CAN"]
[Date "2008.04.12"]
[Round "2"]
[White "Giroux, Robert"]
[Black "Le Duin, Thierry"]
[Result "1-0"]
[WhiteElo "1931"]
[BlackElo "1994"]
[PlyCount "55"]
[GameId "2160767910351188"]
[EventDate "2008.04.11"]
[EventType "tourn"]
[EventRounds "5"]
[EventCountry "CAN"]
[SourceTitle "EXT 2011"]
[Source "ChessBase"]
[SourceDate "2011.11.26"]
[SourceVersion "1"]
[SourceVersionDate "2011.11.26"]
[SourceQuality "1"]

1. e4 d5 2. exd5 Nf6 3. d4 Bg4 4. Be2 Bxe2 5. Qxe2 Qxd5 6. Nf3 Nc6 7. O-O O-O-O 8. Be3 e6 9. c4 Qh5 10. Nc3 Bd6 11. c5 Be7 12. b4 Nd5 13. Nxd5 Rxd5 14. b5 Nb8 15. a4 g5 16. a5 g4 17. Nd2 Bf6 18. b6 axb6 19. a6 bxa6 20. cxb6 cxb6 21. Qc4+ Kb7 22. Rfc1 Rd7 23. Rxa6 Nxa6 24. Qc6+ Kb8 25. Qxd7 Rd8 26. Bf4+ e5 27. Qb5 Ka7 28. Ra1 1-0

[Event "Unisource II"]
[Site "Montreal CAN"]
[Date "2008.04.12"]
[Round "2"]
[White "Houska, Jiri"]
[Black "Levkovsky, Alexandre"]
[Result "1-0"]
[WhiteElo "2228"]
[BlackElo "2154"]
[PlyCount "52"]
[GameId "2160767910351189"]
[EventDate "2008.04.11"]
[EventType "tourn"]
[EventRounds "5"]
[EventCountry "CAN"]
[SourceTitle "EXT 2011"]
[Source "ChessBase"]
[SourceDate "2011.11.26"]
[SourceVersion "1"]
[SourceVersionDate "2011.11.26"]
[SourceQuality "1"]

1. d4 Nf6 2. c4 e6 3. Nf3 b6 4. a3 Bb7 5. Nc3 Ne4 6. Qc2 f5 7. e3 Nxc3 8. Qxc3 d6 9. Bd3 Nd7 10. b4 Nf6 11. Bb2 Ne4 12. Qc2 Ng5 13. d5 Nxf3+ 14. gxf3 Rg8 15. dxe6 Bxf3 16. Rg1 Qh4 17. Bxf5 g6 18. Rg3 Bb7 19. O-O-O Be7 20. Rd4 Qxh2 21. Qa4+ c6 22. Bg4 d5 23. cxd5 b5 24. Qb3 Qxf2 25. Rf3 Qh2 26. dxc6 Rc8 1-0

[Event "Unisource II"]
[Site "Montreal CAN"]
[Date "2008.04.12"]
[Round "2"]
[White "Morin, Louis"]
[Black "Pomerantz, Daniel"]
[Result "0-1"]
[WhiteElo "1884"]
[BlackElo "1862"]
[PlyCount "92"]
[GameId "2160767910351190"]
[EventDate "2008.04.11"]
[EventType "tourn"]
[EventRounds "5"]
[EventCountry "CAN"]

1. e4 c5 2. d4 cxd4 3. c3 Nf6 4. e5 Nd5 5. Qxd4 e6 6. Bc4 Nc6 7. Qe4 Nb6 8. Bd3 d6 9. exd6 Qxd6 10. Nf3 Qd5 11. O-O Qxe4 12. Bxe4 Bd7 13. b3 Be7 14. Bg5 Bxg5 15. Nxg5 h6 16. Nf3 O-O-O 17. Rd1 f5 18. Bc2 e5 19. Na3 e4 20. Nd4 Nxd4 21. Rxd4 Bc6 22. Rad1 Rxd4 23. Rxd4 Rd8 24. Rxd8+ Kxd8 25. c4 Ke7 26. f4 exf3 27. gxf3 f4 28. Kf2 Kf6 29. Bd3 Ke5 30. Nc2 Nd7 31. Ke2 Nc5 32. Bg6 Ne6 33. h4 Nd4+ 34. Nxd4 Kxd4 35. Bf7 a5 36. a3 Kc3 37. b4 axb4 38. axb4 Kxb4 39. Be6 Kc5 40. Bg8 Kd4 41. Bf7 b6 42. Kf2 Ba4 43. Kg2 Kc5 44. Kh3 Bd7+ 45. Kg2 Kb4 46. Bd5 b5 0-1

[Event "Unisource II"]
[Site "Montreal CAN"]
[Date "2008.04.12"]
[Round "3"]
[White "Falardeau, Bruno"]
[Black "Houska, Jiri"]
[Result "1/2-1/2"]
[WhiteElo "2017"]
[BlackElo "2228"]
[PlyCount "48"]
[GameId "2160767910351191"]
[EventDate "2008.04.11"]
[EventType "tourn"]
[EventRounds "5"]
[EventCountry "CAN"]
[SourceTitle "EXT 2011"]
[Source "ChessBase"]
[SourceDate "2011.11.26"]
[SourceVersion "1"]
[SourceVersionDate "2011.11.26"]
[SourceQuality "1"]

1. e4 c5 2. Nc3 Nc6 3. f4 e6 4. Nf3 Nge7 5. Bb5 g6 6. O-O Nd4 7. Nxd4 cxd4 8. Ne2 Qb6 9. Bd3 Bg7 10. a4 Nc6 11. Ng3 d6 12. f5 Be5 13. Qf3 Qc7 14. Bc4 gxf5 15. exf5 d5 16. fxe6 Bxe6 17. Bxd5 O-O-O 18. Bxe6+ fxe6 19. d3 Bxg3 20. Qxg3 Qxg3 21. hxg3 Rhg8 22. Rf7 Rd7 23. Rxd7 Kxd7 24. Kf2 Nb4 1/2-1/2

[Event "Unisource II"]
[Site "Montreal CAN"]
[Date "2008.04.12"]
[Round "3"]
[White "Le Duin, Thierry"]
[Black "Gauthier, Denis"]
[Result "0-1"]
[WhiteElo "1994"]
[BlackElo "1952"]
[PlyCount "104"]
[GameId "2160767910351192"]
[EventDate "2008.04.11"]
[EventType "tourn"]
[EventRounds "5"]
[EventCountry "CAN"]
[SourceTitle "EXT 2011"]
[Source "ChessBase"]
[SourceDate "2011.11.26"]
[SourceVersion "1"]
[SourceVersionDate "2011.11.26"]
[SourceQuality "1"]

1. d4 Nf6 2. Nf3 e6 3. Bg5 h6 4. Bh4 g5 5. Bg3 Ne4 6. Be5 f6 7. Qd3 d5 8. Bg3 Qe7 9. Nbd2 Nxg3 10. hxg3 Bd7 11. O-O-O Na6 12. e4 O-O-O 13. exd5 exd5 14. Qb3 Qd6 15. a3 Bf5 16. Bb5 Nb8 17. Rde1 a6 18. Bd3 Bg4 19. Qc3 Qc6 20. Qa5 Bd6 21. Bg6 b6 22. Qc3 Qxc3 23. bxc3 Bxa3+ 24. Kb1 Nc6 25. Ka2 Bd6 26. Re3 Ne7 27. Bd3 Kb7 28. Kb3 Nf5 29. Bxf5 Bxf5 30. c4 c6 31. c3 Kc7 32. cxd5 cxd5 33. c4 dxc4+ 34. Nxc4 b5 35. Nxd6 Kxd6 36. Nd2 Rc8 37. Rf3 Be6+ 38. Kb4 f5 39. Ra3 Rc6 40. Rha1 Ra8 41. Ra5 Bd5 42. Rxb5 axb5 43. Rxa8 Rc2 44. Rd8+ Ke6 45. Re8+ Kd7 46. Re5 Kd6 47. Nf3 Be4 48. Rxb5 Rb2+ 49. Ka5 Rxf2 50. Rb6+ Kd5 51. Rxh6 Bxf3 52. gxf3 Rxf3 0-1

[Event "Unisource II"]
[Site "Montreal CAN"]
[Date "2008.04.12"]
[Round "3"]
[White "Levkovsky, Alexandre"]
[Black "Giroux, Robert"]
[Result "1/2-1/2"]
[WhiteElo "2154"]
[BlackElo "1931"]
[PlyCount "129"]
[GameId "2160767910351193"]
[EventDate "2008.04.11"]
[EventType "tourn"]
[EventRounds "5"]
[EventCountry "CAN"]
[SourceTitle "EXT 2011"]
[Source "ChessBase"]
[SourceDate "2011.11.26"]
[SourceVersion "1"]
[SourceVersionDate "2011.11.26"]
[SourceQuality "1"]

1. e4 c5 2. Nf3 g6 3. c4 Nc6 4. d4 cxd4 5. Nxd4 Nf6 6. Nc3 d6 7. Be2 Nxd4 8. Qxd4 Bg7 9. Be3 O-O 10. Qd2 Be6 11. O-O Qa5 12. Rac1 Rfc8 13. b3 a6 14. a4 Nd7 15. Bd4 Bxd4 16. Qxd4 Nc5 17. Bd1 Qb6 18. Nd5 Bxd5 19. exd5 a5 20. Qh4 Qd8 21. Rc3 e5 22. Qh6 Qf8 23. Qc1 f5 24. f4 Re8 25. g4 exf4 26. Qxf4 fxg4 27. Qxg4 Qg7 28. Rcf3 Rf8 29. Rxf8+ Rxf8 30. Rxf8+ Qxf8 31. Qd4 Qe7 32. Bg4 Qe1+ 33. Kg2 Qe4+ 34. Qxe4 Nxe4 35. Bf3 Nc5 36. Bd1 Kg7 37. Bc2 Kf6 38. Kf3 h5 39. h4 g5 40. Kg3 b6 41. Kh3 g4+ 42. Kg3 Nd7 43. Kf4 Ne5 44. Be4 Ng6+ 45. Kg3 Ne7 46. Kf4 Ng8 47. Bh7 Nh6 48. Be4 Nf7 49. Bd3 Ne5 50. Be4 Nd7 51. Bd3 Nc5 52. Bc2 Na6 53. Bh7 Nb4 54. Bb1 Na6 55. Bh7 Nb8 56. Bf5 Na6 57. Bh7 Nc7 58. Bb1 Ne8 59. Bd3 Ke7 60. Kg5 Nf6 61. Kf4 Kf7 62. Bf5 Kg7 63. Bd3 Nd7 64. Kg5 Nf6 65. Kf4 1/2-1/2

[Event "Unisource II"]
[Site "Montreal CAN"]
[Date "2008.04.12"]
[Round "3"]
[White "Millette, Sylvain"]
[Black "Morin, Louis"]
[Result "0-1"]
[WhiteElo "1648"]
[BlackElo "1884"]
[PlyCount "70"]
[GameId "2160767910351194"]
[EventDate "2008.04.11"]
[EventType "tourn"]
[EventRounds "5"]
[EventCountry "CAN"]

1. Nf3 d5 2. c4 e6 3. g3 c5 4. Bg2 Nc6 5. O-O Nf6 6. d4 Be7 7. cxd5 exd5 8. dxc5 Bxc5 9. Nbd2 O-O 10. Nb3 Bb6 11. Nbd4 Re8 12. e3 Bg4 13. Nxc6 bxc6 14. b3 Qd7 15. Qc2 Bf5 16. Qd1 Ne4 17. Nd4 Nc3 18. Qd2 Bxd4 19. exd4 Ne2+ 20. Kh1 Bh3 21. Re1 Nxd4 22. Bb2 Bxg2+ 23. Kxg2 Ne6 24. Rac1 c5 25. f4 d4 26. f5 Qd5+ 27. Kg1 Qxf5 28. Ba3 Ng5 29. Rxe8+ Rxe8 30. Qg2 Nf3+ 31. Kh1 Qe4 32. Rf1 d3 33. Bxc5 d2 34. Bb4 Qxb4 35. Qxf3 Qe4 0-1

[Event "Unisource II"]
[Site "Montreal CAN"]
[Date "2008.04.13"]
[Round "4"]
[White "Giroux, Robert"]
[Black "Gauthier, Denis"]
[Result "1-0"]
[WhiteElo "1931"]
[BlackElo "1952"]
[PlyCount "93"]
[GameId "2160767910351195"]
[EventDate "2008.04.11"]
[EventType "tourn"]
[EventRounds "5"]
[EventCountry "CAN"]
[SourceTitle "EXT 2011"]
[Source "ChessBase"]
[SourceDate "2011.11.26"]
[SourceVersion "1"]
[SourceVersionDate "2011.11.26"]
[SourceQuality "1"]

1. e4 c5 2. Nc3 Nc6 3. f4 g6 4. Nf3 Bg7 5. Bb5 Nd4 6. O-O e6 7. d3 Ne7 8. Nxd4 cxd4 9. Ne2 O-O 10. f5 exf5 11. exf5 Nxf5 12. Rxf5 gxf5 13. Ng3 d5 14. Qh5 Qf6 15. Bg5 Qg6 16. Be7 f4 17. Qxg6 fxg6 18. Bxf8 fxg3 19. Bc5 gxh2+ 20. Kxh2 a6 21. Ba4 b5 22. Bb3 Be6 23. Re1 Kf7 24. a4 Rc8 25. Ba3 Bf6 26. axb5 axb5 27. Bb4 Bg5 28. Ra1 Rc7 29. Ra5 Rb7 30. Bc5 Bf6 31. Ra8 Bg7 32. Rd8 Rc7 33. Bb4 Bf6 34. Rb8 Be5+ 35. Kg1 Ra7 36. Rxb5 Ra1+ 37. Kf2 Rb1 38. Ba3 Rd1 39. Rb7+ Kf6 40. Bb4 h5 41. Rb6 Kf5 42. Rb5 Rb1 43. Ba3 Bf4 44. Bxd5 Be3+ 45. Ke2 Kf4 46. Bd6+ Kg4 47. Bxe6+ 1-0

[Event "Unisource II"]
[Site "Montreal CAN"]
[Date "2008.04.13"]
[Round "4"]
[White "Houska, Jiri"]
[Black "Le Duin, Thierry"]
[Result "1-0"]
[WhiteElo "2228"]
[BlackElo "1994"]
[PlyCount "63"]
[GameId "2160767910351196"]
[EventDate "2008.04.11"]
[EventType "tourn"]
[EventRounds "5"]
[EventCountry "CAN"]
[SourceTitle "EXT 2011"]
[Source "ChessBase"]
[SourceDate "2011.11.26"]
[SourceVersion "1"]
[SourceVersionDate "2011.11.26"]
[SourceQuality "1"]

1. e4 d5 2. exd5 Nf6 3. d4 Bg4 4. Nf3 Qxd5 5. Be2 Nc6 6. O-O O-O-O 7. Be3 Qh5 8. h3 e5 9. Nbd2 h6 10. Re1 Bd6 11. hxg4 Nxg4 12. Ne4 Nxd4 13. Bxd4 exd4 14. Nxd6+ Rxd6 15. Nh4 f5 16. g3 Rf8 17. Bxg4 Qxg4 18. Qxg4 fxg4 19. Re4 g5 20. Ng2 h5 21. Rae1 b6 22. Re8+ Rxe8 23. Rxe8+ Kb7 24. Ne1 c5 25. b3 b5 26. Re5 Kb6 27. Nd3 c4 28. bxc4 bxc4 29. Nb2 d3 30. Nxc4+ Kc6 31. cxd3 Rxd3 32. Rxg5 1-0

[Event "Unisource II"]
[Site "Montreal CAN"]
[Date "2008.04.13"]
[Round "4"]
[White "Levkovsky, Alexandre"]
[Black "Falardeau, Bruno"]
[Result "1/2-1/2"]
[WhiteElo "2154"]
[BlackElo "2017"]
[PlyCount "106"]
[GameId "2160767910351197"]
[EventDate "2008.04.11"]
[EventType "tourn"]
[EventRounds "5"]
[EventCountry "CAN"]
[SourceTitle "EXT 2011"]
[Source "ChessBase"]
[SourceDate "2011.11.26"]
[SourceVersion "1"]
[SourceVersionDate "2011.11.26"]
[SourceQuality "1"]

1. e4 Nf6 2. e5 Nd5 3. c4 Nb6 4. d4 d6 5. Nf3 Nc6 6. exd6 cxd6 7. d5 Ne5 8. Bf4 Bg4 9. Nbd2 g6 10. Qb3 Nxf3+ 11. Nxf3 Bg7 12. Nd2 O-O 13. h3 Bf5 14. g4 e5 15. gxf5 exf4 16. O-O-O Qf6 17. fxg6 fxg6 18. Ne4 Qe5 19. f3 Rac8 20. Kb1 Nxc4 21. Bxc4 Rxc4 22. Nxd6 Rc7 23. Ne4 Kh8 24. d6 Rc6 25. Rd5 Qe6 26. Rb5 Qxb3 27. Rxb3 Rf7 28. Rc1 Rxc1+ 29. Kxc1 Rd7 30. Rd3 Bf8 31. Nc5 Rxd6 32. Rxd6 Bxd6 33. Nxb7 Be5 34. b4 Kg7 35. Kd2 Kf6 36. Kd3 Kg5 37. Nd8 Kh4 38. Nc6 Bd6 39. b5 Kxh3 40. a4 Kg3 41. a5 h5 42. b6 a6 43. Ke4 h4 44. Kd5 h3 45. Kxd6 h2 46. b7 h1=Q 47. b8=Q Qxf3 48. Kc7 Qd3 49. Ne5 Qc3+ 50. Kb6 Qb4+ 51. Ka7 Qxb8+ 52. Kxb8 f3 53. Nxf3 Kxf3 1/2-1/2